[Event "Amber Rapid"]
[Site "Monte Carlo MNC"]
[Date "2005.03.21"]
[Round "3"]
[White "Vallejo Pons, F."]
[Black "Anand, V."]
[Result "0-1"]
[WhiteElo "2686"]
[BlackElo "2786"]
[PlyCount "120"]
[EventDate "2005.03.19"]

1. Nf3 c5 2. c4 Nc6 3. d4 cxd4 4. Nxd4 Nf6 5. Nc3 e6 6. a3 Be7 7. e4 O-O 8. Nf3
b6 9. Be2 Bb7 10. O-O Qc7 11. Bg5 Rad8 12. Rc1 Qb8 13. Re1 h6 14. Bh4 d6 15.
Bf1 Rfe8 16. Nd4 Nxd4 17. Qxd4 g5 18. Bg3 Nh5 19. Be2 Bf6 20. Qd3 Nxg3 21. hxg3
Bc6 22. b4 Be5 23. Bh5 Rf8 24. Ne2 Bg7 25. Nd4 Bd7 26. Rf1 a5 27. Kh1 axb4 28.
axb4 Qa7 29. f4 e5 30. Nf5 Bxf5 31. exf5 exf4 32. gxf4 Bf6 33. Bf3 Kg7 34. Bc6
g4 35. Rb1 h5 36. Rb3 Rc8 37. b5 Qe7 38. Qe3 Qxe3 39. Rxe3 Bd4 40. Re7 Kf6 41.
Ra7 g3 {Now the white king is completely and permanently immobilised. This is
going to end in mate.} 42. Rd1 Bc5 43. Re1 h4 44. Ree7 d5 45. Red7 dxc4 (45...
Rce8 46. Ra1 dxc4 {was perhaps more convincing}) 46. Bd5 {
threatening ...Rxf7 and Rxf7#} Kxf5 47. Rxf7+ Rxf7 48. Rxf7+ Kg6 49. f5+ Kg5
50. Rg7+ Kf4 51. Bf3 Re8 52. Rg4+ Kxf5 53. Re4 Rxe4 54. Bxe4+ {
Stalemate trap! The bishop cannot be taken.} Kf4 55. Bd5 c3 56. Bb3 Bf2 57. Bc2
Ke3 58. Bb3 Kd2 59. Ba4 Be1 60. Bb3 c2 0-1

[Event "Amber Rapid"]
[Site "Monte Carlo MNC"]
[Date "2005.03.22"]
[Round "4"]
[White "Shirov, A."]
[Black "Vallejo Pons, F."]
[Result "1-0"]
[WhiteElo "2713"]
[BlackElo "2686"]
[PlyCount "71"]
[EventDate "2005.03.19"]

1. e4 c5 2. Nf3 Nc6 3. Bb5 d6 4. Bxc6+ bxc6 5. O-O Bg4 6. d3 e5 7. Nbd2 Nf6 8.
Nc4 Nd7 9. Ne3 Be6 10. c3 Be7 11. d4 f6 12. b3 O-O 13. Bb2 Re8 14. Nd2 d5 15.
Qc2 Qb6 16. Nf3 exd4 17. cxd4 Bf8 18. exd5 cxd5 19. dxc5 Bxc5 20. Qd2 Rad8 21.
Bd4 Ne5 22. Rfd1 Nxf3+ 23. gxf3 Bxd4 24. Qxd4 Qa6 25. Rd2 Bf7 26. Rc1 Re5 27.
h4 Bh5 28. Kg2 Qb7 29. Rdc2 Re7 30. Nf5 Rf7 31. Rc6 Rfd7 32. Qf4 Bg6 33. Rc7
Qb5 34. Nd4 Qb4 35. h5 (35. Rxd7 {wins:} Rxd7 36. Rc8+ Kf7 37. h5 Bxh5 38. Qf5
Qxd4 39. Qxd7+) 35... Bf7 $2 (35... Be8 {was required}) 36. Rxd7 (36. Rxd7 Rxd7
37. Rc8+) 1-0

[Event "Amber Rapid"]
[Site "Monte Carlo MNC"]
[Date "2005.03.22"]
[Round "4"]
[White "Bareev, E."]
[Black "Morozevich, A."]
[Result "0-1"]
[WhiteElo "2709"]
[BlackElo "2741"]
[PlyCount "76"]
[EventDate "2005.03.19"]

1. d4 g6 2. c4 Bg7 3. e4 d6 4. Nc3 e5 5. dxe5 dxe5 6. Qxd8+ Kxd8 7. f4 Nc6 8.
Nf3 Be6 9. Be3 Nf6 10. h3 Kc8 11. fxe5 Nd7 12. Ng5 Nd8 13. Be2 Nxe5 14. Nxe6
Nxe6 15. O-O c6 16. Rad1 h5 17. g4 h4 18. g5 Re8 19. c5 Kc7 20. Nd5+ cxd5 21.
exd5 Nf8 22. Bf4 Rad8 23. Bh2 Kc8 24. c6 $2 ({definitely better was} 24. Bxe5
Bxe5 25. Bg4+ Kb8 26. Rxf7 Bxb2 {and then} 27. c6) 24... bxc6 25. dxc6 Rxd1 26.
Bxd1 Re7 27. b4 Ne6 28. b5 Nxg5 29. Kg2 Nc4 30. Bf4 Ne3+ 31. Bxe3 Rxe3 32. Rf4
Re4 33. Rf2 f5 34. Bb3 Bd4 35. Rd2 Bb6 36. Rd6 Re1 37. Bd5 Rg1+ 38. Kh2 Bc7 0-1